| 000 | 01306nam a2200349 i 4500 | ||
|---|---|---|---|
| 001 | 11223 | ||
| 003 | KOSZ 005 | ||
| 005 | 20200630132823.0 | ||
| 008 | 070925s1968 pl ab f 001 0 pol | ||
| 015 | _aPB 1968/2059 | ||
| 040 |
_aWA N _cKOSZ 005/RW _dKOSZ 005/RW _dKOSZ 005/HR |
||
| 080 | _a711.4/.8 | ||
| 080 | _a712 | ||
| 080 | _a(07) | ||
| 100 | 1 |
_aCzarnecki, Władysław _d(1895-1983). _eAutor |
|
| 245 | 1 | 0 |
_aPlanowanie miast i osiedli. _nT. 3, _pKrajobraz i tereny zielone / _cWładysław Czarnecki. |
| 250 | _aWydanie 2 rozszerzone. | ||
| 260 |
_aPoznań : _bPaństwowe Wydawnictwo Naukowe, _c1968. |
||
| 300 |
_a704, [2] strony, [1] karta tablic : _bilustracje, mapy ; _c24 cm. |
||
| 336 |
_aTekst _btxt _2rdacontent |
||
| 337 |
_aBez urządzenia pośredniczacego _bn _2rdamedia |
||
| 338 |
_aWolumin _bnc _2rdacarrier |
||
| 380 | _aKsiążki. | ||
| 504 | _aBibliografia na stronach 673-[684]. Indeks. | ||
| 650 | 4 |
_aKrajobraz _xplanowanie przestrzenne. |
|
| 650 | 4 |
_aTereny zielone _xplanowanie przestrzenne. |
|
| 658 | _aArchitektura i budownictwo | ||
| 655 | 4 | _aPodręcznik | |
| 710 | 2 |
_aPaństwowe Wydawnictwo Naukowe _4pbl. |
|
| 856 |
_uhttp://koha.tu.koszalin.pl/cgi-bin/koha/opac-detail.pl?biblionumber=11223 _yKatalog online BPK |
||
| 942 |
_2UKD _cKS |
||
| 999 |
_c11223 _d11223 |
||